Por un nuevo marco legislativo laboral (Registro nro. 49330)
[ vista simple ]
| 000 -CABECERA | |
|---|---|
| Longitud fija campo de control | 01318nam a2200349 c 4500 |
| 001 - NÚMERO DE CONTROL | |
| Número de control | 49330 |
| 003 - IDENTIFICADOR DE NÚMERO DE CONTROL | |
| Identificador del número de control | ES-MaCES |
| 005 - FECHA Y HORA DE LA ÚLTIMA TRANSACCIÓN | |
| Fecha y hora de la última transacción | 20170503132004.0 |
| 007 - PHYSICAL DESCRIPTION FIXED FIELD--GENERAL INFORMAT | |
| Campo fijo de descripción física | cr ||||||||||| |
| 008 - CAMPO FIJO DE DESCRIPCIÓN FIJA--INFORMACIÓN GENERAL | |
| Códigos de información de longitud fija | 170503s2016 sp |||| r 00| ||spa|| |
| 017 ## - NÚMERO DE REGISTRO DE DERECHOS DE AUTOR Y DEPÓSITO LEGAL | |
| Número de copyright o de depósito legal | M 9348-2016 |
| Agencia que asigna el número | DL |
| 020 ## - ISBN (INTERNATIONAL STANDARD BOOK NUMBER) | |
| Número Internacional Normalizado para Libros (ISBN) | 9788484406129 |
| 040 ## - FUENTE DE CATALOGACIÓN | |
| Centro catalogador de origen | ES-MaCES |
| Lengua de catalogación | spa |
| Centro transcriptor | ES-MaCES |
| 110 2# - ENCABEZAMIENTO PRINCIPAL--NOMBRE CORPORATIVO | |
| 9 (RLIN) | 38124 |
| Nombre de entidad corporativa o nombre de jurisdicción como elemento inicial | FIDE |
| 245 00 - MENCIÓN DE TÍTULO | |
| Título | Por un nuevo marco legislativo laboral |
| Medio | Recurso electrónico |
| Resto del título | : conclusiones del Grupo FIDE sobre una nueva ordenación legal consensuada del trabajo y de las relaciones laborales |
| 260 ## - PUBLICACIÓN, DISTRIBUCIÓN, ETC (PIE DE IMPRENTA) | |
| Lugar de publicación, distribución, etc. | Madrid |
| Nombre del editor, distribuidor, etc. | FIDE, Fundación para la Investigación sobre el Derecho y la Empresa |
| Fecha de publicación, distribución, etc. | 2016 |
| 300 ## - DESCRIPCIÓN FÍSICA | |
| Extensión | 1 documento pdf |
| Dimensiones | (403 kb) |
| 500 ## - NOTA GENERAL | |
| Nota general | Tít. tomado de la cub |
| 541 ## - NOTA DE LA FUENTE INMEDIANTE DE ADQUISICIÓN | |
| Forma de adquisición | Gratuito |
| 650 #4 - ASIENTO SECUNDARIO DE MATERIA--TÉRMINO DE MATERIA | |
| Término de materia o nombre geográfico como elemento inicial | relaciones laborales |
| 9 (RLIN) | 28369 |
| 650 #4 - ASIENTO SECUNDARIO DE MATERIA--TÉRMINO DE MATERIA | |
| Término de materia o nombre geográfico como elemento inicial | negociación colectiva |
| 9 (RLIN) | 28362 |
| 650 #4 - ASIENTO SECUNDARIO DE MATERIA--TÉRMINO DE MATERIA | |
| Término de materia o nombre geográfico como elemento inicial | condiciones de empleo |
| 9 (RLIN) | 30040 |
| 650 #4 - ASIENTO SECUNDARIO DE MATERIA--TÉRMINO DE MATERIA | |
| Término de materia o nombre geográfico como elemento inicial | contratación |
| 9 (RLIN) | 28323 |
| 650 #4 - ASIENTO SECUNDARIO DE MATERIA--TÉRMINO DE MATERIA | |
| Término de materia o nombre geográfico como elemento inicial | representación de los trabajadores |
| 9 (RLIN) | 28379 |
| 650 #4 - ASIENTO SECUNDARIO DE MATERIA--TÉRMINO DE MATERIA | |
| Término de materia o nombre geográfico como elemento inicial | legislación del trabajo |
| 9 (RLIN) | 27166 |
| 650 #4 - ASIENTO SECUNDARIO DE MATERIA--TÉRMINO DE MATERIA | |
| Término de materia o nombre geográfico como elemento inicial | España |
| 9 (RLIN) | 26964 |
| 650 #4 - ASIENTO SECUNDARIO DE MATERIA--TÉRMINO DE MATERIA | |
| Término de materia o nombre geográfico como elemento inicial | repertorio de recomendaciones prácticas |
| 9 (RLIN) | 29261 |
| 653 10 - TÉRMINO DE INDEXACIÓN--NO CONTROLADO | |
| Término no controlado | Relaciones laborales-Empleo |
| 856 4# - ACCESO ELECTRÓNICO | |
| Identificador Uniforme del Recurso (URI) | http://biblioteca.ces.es/repintra/B49330.pdf |
| Texto del enlace | texto completo |
| Nota pública | [intranet] |
| 902 ## - CES. TIPO DE DOCUMENTO | |
| Tipodoc (006$c Sirtex) | ELE PUB. ELECTRONICA |
| 942 ## - ELEMENTOS KOHA | |
| Fuente de clasificaión o esquema | Clasificación propia del CES |
| Koha [por defecto] tipo de item | Monografías |
| Parte de clasificación | Relaciones Laborales y Rel. Lab.- Empleo |
No hay ítems disponibles.
